Geology and ground water resources of Caldwell County, Texas, (Record no. 28309)

MARC details
000 -LEADER
fixed length control field 00968cam a22002651 4500
001 - CONTROL NUMBER
control field gs 48000353
003 - CONTROL NUMBER IDENTIFIER
control field DLC
005 - DATE AND TIME OF LATEST TRANSACTION
control field 20260227111354.0
008 - FIXED-LENGTH DATA ELEMENTS--GENERAL INFORMATION
fixed length control field 761116s1947 txu 000 0 eng
010 ## - LIBRARY OF CONGRESS CONTROL NUMBER
LC control number gs 48000353
035 ## - SYSTEM CONTROL NUMBER
System control number (OCoLC)2560501
040 ## - CATALOGING SOURCE
Original cataloging agency DLC
Transcribing agency Tx
Modifying agency OCoLC
-- DLC
042 ## - AUTHENTICATION CODE
Authentication code premarc
050 00 - LIBRARY OF CONGRESS CALL NUMBER
Classification number GB1025.T4
Item number A5 1947b
110 2# - MAIN ENTRY--CORPORATE NAME
Corporate name or jurisdiction name as entry element Texas Water Commission.
245 10 - TITLE STATEMENT
Title Geology and ground water resources of Caldwell County, Texas,
Statement of responsibility, etc. by W. C. Rasmussen. Prepared in cooperation with the United States Dept. of the Interior, Geological Survey.
260 ## - PUBLICATION, DISTRIBUTION, ETC.
Place of publication, distribution, etc. [Austin]
Date of publication, distribution, etc. 1947.
300 ## - PHYSICAL DESCRIPTION
Extent 59 p.
Other physical details plate, fold. map.
Dimensions 27 cm.
500 ## - GENERAL NOTE
General note U.S. Geological Survey. Library. for Library of Congress.
650 #0 - SUBJECT ADDED ENTRY--TOPICAL TERM
Topical term or geographic name entry element Geology
Geographic subdivision Texas
-- Caldwell County.
650 #0 - SUBJECT ADDED ENTRY--TOPICAL TERM
Topical term or geographic name entry element Groundwater
Geographic subdivision Texas
-- Caldwell County.
650 #0 - SUBJECT ADDED ENTRY--TOPICAL TERM
Topical term or geographic name entry element Water-supply
Geographic subdivision Texas
-- Caldwell County.
700 1# - ADDED ENTRY--PERSONAL NAME
Personal name Rasmussen, William Charles,
Dates associated with a name 1917-
710 2# - ADDED ENTRY--CORPORATE NAME
Corporate name or jurisdiction name as entry element Geological Survey (U.S.)

No items available.

Powered by Koha